| 000 | 00622nam a22002057a 4500 | ||
|---|---|---|---|
| 999 |
_c6020 _d6020 |
||
| 003 | AR-CdUCM | ||
| 008 | 190313b ||||| |||| 00| 0 spa d | ||
| 040 |
_aMUNICIPALIDAD PROVINCIAL DEL CUSCO _cBIBLIOTECA MUNICIPAL DEL CUSCO |
||
| 082 |
_a869.56 / _bH43S |
||
| 100 |
_aHernández, Arturo Demetrio. _910590 |
||
| 245 | _aSangama / | ||
| 260 |
_aLima : _bGrafica panamericana, |
||
| 300 |
_a382 paginas ; _c17 cm. |
||
| 500 | _aDonación de la familia Nieto | ||
| 650 |
_aNarrativa peruana _9226 |
||
| 650 |
_aNovelas costumbristas - Amazonas _910592 |
||
| 650 |
_aSiglo XX _98 |
||
| 942 |
_2ddc _cLIBROS |
||
| 945 | _awnts | ||